Sổ tay nuôi cá nước ngọt mô nhỏ
Đã lưu trong:
| 格式: | 圖書 |
|---|---|
| 語言: | Undetermined |
| 出版: |
Hà Nội
Khoa học và kỹ thuật
2004
|
| 主題: | |
| 標簽: |
添加標簽
沒有標簽, 成為第一個標記此記錄!
|
| Thư viện lưu trữ: | Trung tâm Học liệu Trường Đại học Cần Thơ |
|---|
| LEADER | 00518nam a2200169Ia 4500 | ||
|---|---|---|---|
| 001 | CTU_64421 | ||
| 008 | 210402s9999 xx 000 0 und d | ||
| 020 | |b 19000 | ||
| 082 | |a 639.312 | ||
| 082 | |b S450 | ||
| 245 | 0 | |a Sổ tay nuôi cá nước ngọt mô nhỏ | |
| 245 | 0 | |c Phan Nguyễn Diệp Lan (Biên dịch) | |
| 260 | |a Hà Nội | ||
| 260 | |b Khoa học và kỹ thuật | ||
| 260 | |c 2004 | ||
| 650 | |a Fish culture,Nuôi cá | ||
| 980 | |a Trung tâm Học liệu Trường Đại học Cần Thơ | ||